ثورة الشعر الحديث من بودلير الى العصر الحاضر / (Record no. 60176)
[ view plain ]
| 000 -الفاتح | |
|---|---|
| حقل البيانات ثابتة الطول | 01541nam a22003257a 4500 |
| 005 - وقت وتاريخ اخر تعامل مع التسجيلة | |
| رقم الضبط | 20240530110356.0 |
| 008 - عناصر البيانات ثابتة الطول - معلومات عامة | |
| حقل البيانات ثابتة الطول | 141021s2009 ua gr 000 0 ara d |
| 017 ## - رقم الايداع القانونى | |
| رقم الايداع القانونى | 23085/2009 |
| المصدر ( الهيئة المختصة) | مصر . دار الكتب |
| 020 ## - الرقم الدولى المعيارى للكتب | |
| الرقم الدولى المعيارى للكتاب | 9789774797631 |
| 040 ## - مصدر الفهرسة | |
| وكالة الفهرسة الأصلية | EG-CaGPL |
| 082 04 - رقم تصنيف ديوى العشرى | |
| رقم الطبعة | 21 |
| رقم التصنيف | 808.81\ |
| رقم المادة | ع ث |
| 100 0# - المدخل الرئيسى - إسم شخصى | |
| الإسم الشخصى | عبدالغفار مكاوى |
| 245 1# - بيان العنوان | |
| العنوان | ثورة الشعر الحديث من بودلير الى العصر الحاضر / |
| بيان المسئوليه,etc | عبدالغفار مكاوى ؛ تقديم محمد حسن عبدالله |
| 250 ## - بيان الطبعة | |
| بيان الطبعة | ط3 |
| 260 ## - PUBLICATION, DISTRIBUTION, ETC. (IMPRINT) | |
| تاريخ النشر أو التوزيع | 2009 |
| 300 ## - الوصف المادى | |
| التعداد | 670 ص ؛ |
| أبعاد الوعاء | 24 سم |
| 650 04 - المدخل الاضافى بالموضوع-مصطلح موضوعى | |
| مصطلح موضوعي | الشعر |
| التقسيم الفرعي العام | تاريخ ونقد |
| التقسيم الفرعي الزمني | العصر الحديث |
| 650 04 - المدخل الاضافى بالموضوع-مصطلح موضوعى | |
| مصطلح موضوعي | الشعر |
| التقسيم الفرعي العام | مجموعات |
| 650 04 - المدخل الاضافى بالموضوع-مصطلح موضوعى | |
| مصطلح موضوعي | الشعر الحديث |
| التقسيم الفرعي الجغرافي | اوروبا |
| 650 04 - المدخل الاضافى بالموضوع-مصطلح موضوعى | |
| مصطلح موضوعي | الشعر الحديث |
| التقسيم الفرعي الجغرافي | اسبانيا |
| 650 04 - المدخل الاضافى بالموضوع-مصطلح موضوعى | |
| مصطلح موضوعي | الشعر الحديث |
| التقسيم الفرعي الجغرافي | ايطاليا |
| 650 04 - المدخل الاضافى بالموضوع-مصطلح موضوعى | |
| مصطلح موضوعي | الشعر الحديث |
| التقسيم الفرعي الجغرافي | فرنسا |
| 650 04 - المدخل الاضافى بالموضوع-مصطلح موضوعى | |
| مصطلح موضوعي | الشعر الحديث |
| التقسيم الفرعي الجغرافي | المانيا |
| 650 04 - المدخل الاضافى بالموضوع-مصطلح موضوعى | |
| مصطلح موضوعي | الشعراء العصر الحديث |
| التقسيم الفرعي الزمني | العصر الحديث |
| التقسيم الفرعي العام | بودلير 1821 -1867 |
| 650 04 - المدخل الاضافى بالموضوع-مصطلح موضوعى | |
| مصطلح موضوعي | الشعراء العصر الحديث |
| التقسيم الفرعي الزمني | العصر الحديث |
| التقسيم الفرعي العام | رامبو (1854 - 1891م ) |
| 650 04 - المدخل الاضافى بالموضوع-مصطلح موضوعى | |
| مصطلح موضوعي | الشعراء العصر الحديث |
| التقسيم الفرعي الزمني | العصر الحديث |
| التقسيم الفرعي العام | مالارميه (1842 -1898 م ) |
| 700 0# - المدخل الاضافى - اسم شخصى | |
| الإسم الشخصى | محمد حسن عبدالله |
| الدور | مقدم |
| 942 ## - عناصر المدخل الإضافي( كوها) | |
| مصدر التصنيف او مخطط الترفيف | Dewey Decimal Classification |
| Koha [default] item type | كتاب |
| 260 ## - PUBLICATION, DISTRIBUTION, ETC. (IMPRINT) | |
| -- | القاهرة : |
| -- | الهيئة العامة لقصور الثقافة ، |
| حالة التراجع | حالة الفقد | حالة تلف | ليس للاعارة | المكان المؤقت | الموقع الحالى | تاريخ الاكتساب | اجمالي اﻻعارات | رقم الطلب | الباركود | تاريخ اخر مشاهدة | تاريخ تفعيل السعر | نوع وعاء كوها |
|---|---|---|---|---|---|---|---|---|---|---|---|---|
| مكتبة القاهرة الكبرى | مكتبة القاهرة الكبرى | 01/11/2015 | 808.81\ ع ث | 159174 | 01/11/2015 | 01/11/2015 | كتاب |

